000 00606nam a2200181Ia 4500
008 100920s9999 xx 000 0 und d
082 _b5455
_a28 व 891,461 थ 57
100 _a---
245 _aतुकाराम -रामदास.
260 _bजगताप-कारले प्रकाशन, पुणे 2.
_c1957
300 _a47
_bसाधी
365 _b0.6
520 _aबा.वि.पद्य.
630 _aतुकाराम -रामदास.
650 _aबा.वि.पद्य.
730 _aतुकाराम -रामदास.
942 _cBOOK
999 _c674420
_d674417